| 000 | 00611nam a22001935i 4500 | ||
|---|---|---|---|
| 001 | 171461 | ||
| 003 | ES-MaACL | ||
| 005 | 20250728144753.0 | ||
| 008 | 090518s1973 sp |||| | spa d | ||
| 080 | _a821.134.2-94"19" | ||
| 080 | _a75 Ochoa, Enrique | ||
| 100 | 1 |
_aSola, Mariano. _9140183 |
|
| 245 | 1 | 0 |
_aEn la cartuja de Valldemosa con el pintor Enrique Ochoa _b: (hombres y paisajes) / _cMariano Sola. |
| 260 |
_a[Albacete : _bEl Castillo, _c1973] |
||
| 300 |
_a267 p. ; _c22 cm. |
||
| 600 | 1 | 4 |
_aOchoa, Enrique, _d1890-1978 _986475 |
| 852 |
_aES-MaACL _jC-52343 _9R.85809 |
||
| 999 |
_c171461 _d171461 |
||